Pedro Claver : el servidor de los esclavos /

Colección de semblanzas de siete santos jesuitas que vivieron durante los siglos XVI y XVII: los españoles Ingacio de Loyola (1491-1556), Francisco Javier (1506-1552), Alonso Rodríguez (1532-1617) y Pedro Claver (1580-1654); el polaco Estanislao de Kostka (1550-1568); el italiano Luis Gonzaga (1568-...

Descrizione completa

Salvato in:
Dettagli Bibliografici
Autore principale: Botero, Horacio (autor)
Natura: Libro
Lingua:spagnolo
Serie:(Jesuitas ; 6)
Soggetti:
Tags: Aggiungi Tag
Nessun Tag, puoi essere il primo ad aggiungerne!!

MARC

LEADER 00000nam^a2200000^a^4500
001 000319777
005 20250521000000.0
009 20260310113452.616
037 |a Acervo Xavier Clavigero 
041 |a ESP 
082 |a 255. 530092  |b BOT V. 6 
100 |a Botero, Horacio  |e (autor) 
245 1 0 |a Pedro Claver :  |b el servidor de los esclavos /  |c H. Botero. 
264 |a México :  |b Buena Prensa,  |c 1985 
300 |a 32 p. 
336 |a texto  |b txt  |2 rdacontenido 
337 |a sin mediación  |b n  |2 rdamedio 
338 |a volumen  |b nc  |2 rdasoporte 
440 1 |a (Jesuitas ;  |v 6) 
520 |a Colección de semblanzas de siete santos jesuitas que vivieron durante los siglos XVI y XVII: los españoles Ingacio de Loyola (1491-1556), Francisco Javier (1506-1552), Alonso Rodríguez (1532-1617) y Pedro Claver (1580-1654); el polaco Estanislao de Kostka (1550-1568); el italiano Luis Gonzaga (1568-1591) y el belga Juan Berchmans (1599-1621). El sexto número de la colección corresponde a San Pedro Claver, quien partió en 1610 a América, donde desde 1616 y hasta su muerte desarrolló su obra evangelizadora entre los escalvos negros que arribaban al puerto de Cartagena de Indias, Colombia. 
649 |a XX 
650 |a Jesuitas Españoles -  |x Biografías 
650 |a Jesuitas -  |x Biografías -  |x Tema Principal 
650 |a Jesuitas en Colombia -  |x Historia -  |y Epoca Colonial, 1550-1819 
650 |a Jesuitas -  |x Historia 
650 |a Santos Españoles -  |x Biografías 
650 |a Santos -  |x Biografías 
650 |a Religiosos Españoles -  |x Biografías 
650 |a Monasticismo y Ordenes Religiosas -  |z Colombia -  |x Historia -  |y Epoca Colonial, 1550-1819 
650 |a Iglesia Católica en Colombia -  |x Historia -  |y Epoca Colonial, 1550-1819 
650 |a Catolicismo -  |z Colombia -  |x Historia -  |y Epoca Colonial, 1550-1819 
650 |a Cristianismo -  |z Colombia -  |x Historia -  |y Epoca Colonial, 1550-1819 
650 |a Religión -  |z Colombia -  |x Historia -  |y Epoca Colonial, 1550-1819 
650 |a Claver, Pedro, Santo -  |x Tema Principal 
910 |a Fondo General 
920 |a Impresos - Libros 
930 |a Colección General 
905 |a 101 
901 |a 035096  |b IT1  |c ACC  |u 20250521 
902 |a https://opac.biblio.iteso.mx/vufind/Record/000319777